Online Catalogue and eLibrary

Triangulation squared : (Record no. 4541)

MARC details
000 -LEADER
fixed length control field 00516nam a2200193Ia 4500
005 - DATE AND TIME OF LATEST TRANSACTION
control field 20240606010052.0
008 - FIXED-LENGTH DATA ELEMENTS--GENERAL INFORMATION
fixed length control field 240331s9999 xx 000 0 und d
020 ## - INTERNATIONAL STANDARD BOOK NUMBER
ISBN 9551040236
082 ## - DDC Classification
Item Number - Author Mark TRI
Class No. 362
100 ## - MAIN ENTRY--PERSONAL NAME
Personal name Gunathilake,N. ed
245 #0 - TITLE STATEMENT
Title Triangulation squared :
Remainder of title assessing impacts of the poverty impact monitoring unit
260 ## - PUBLICATION, DISTRIBUTION, ETC.
Place of publication, distribution, etc. Colombo
Name of publisher, distributor, etc. CEPA
Date of publication, distribution, etc. 2005
300 ## - PHYSICAL DESCRIPTION
Extent (e.g. Volumes, Pages etc.) 304 p.,
650 ## - SUBJECT ADDED ENTRY--TOPICAL TERM
Topical term or geographic name entry element Poverty
650 ## - SUBJECT ADDED ENTRY--TOPICAL TERM
Topical term or geographic name entry element Poverty Analysis
700 ## - ADDED ENTRY--PERSONAL NAME
Personal name Gunathilake,N. ed
700 ## - ADDED ENTRY--PERSONAL NAME
Personal name Jafferjee,A.
942 ## - Koha item type (Biblio)
Koha item type Books in Stacks (Lending)
Holdings
Lost status Damaged status Collection code Home library Current library Shelving location Date acquired Full call number Accession Number Item type
    Lending WERC Library WERC Library Social Science Cupboard 03/31/2024 362.5 TRI 6533 Books in Stacks (Lending)

© WERC Library